Fisco y moneda : (Registro nro. 54668)
[ vista simple ]
| 000 -LEADER | |
|---|---|
| campo de control de longitud fija | 03117nam a2200493 i 4500 |
| 001 - NÚMERO DE CONTROL | |
| campo de control | 54668 |
| 003 - IDENTIFICADOR DE NÚMERO DE CONTROL | |
| campo de control | FINmELB |
| 005 - FECHA Y HORA DE LA ÚLTIMA TRANSACCIÓN | |
| campo de control | 20241216232709.0 |
| 006 - CÓDIGOS DE INFORMACIÓN DE LONGITUD FIJA--CARACTERÍSTICAS DEL MATERIAL ADICIONAL | |
| campo de control de longitud fija | m o d | |
| 007 - CAMPO FIJO DE DESCRIPCIÓN FÍSICA--INFORMACIÓN GENERAL | |
| campo de control de longitud fija | cr cnu|||||||| |
| 008 - DATOS DE LONGITUD FIJA--INFORMACIÓN GENERAL | |
| campo de control de longitud fija | 210531s2020 sp a ob 000 0 spa d |
| 020 ## - NÚMERO INTERNACIONAL ESTÁNDAR DEL LIBRO | |
| Número Internacional Estándar del Libro | 9788417888015 |
| Información calificativa | (e-book) |
| 020 ## - NÚMERO INTERNACIONAL ESTÁNDAR DEL LIBRO | |
| ISBN cancelado o inválido | 9788417888008 |
| 035 ## - NÚMERO DE CONTROL DEL SISTEMA | |
| Número de control de sistema | (OCoLC)1243555444 |
| 040 ## - FUENTE DE CATALOGACIÓN | |
| Centro catalogador/agencia de origen | FINmELB |
| Lengua de catalogación | spa |
| Normas de descripción | rda |
| Centro/agencia transcriptor | FINmELB |
| 043 ## - CÓDIGO DE ÁREA GEOGRÁFICA | |
| Código de área geográfica | e-sp--- |
| 050 04 - SIGNATURA TOPOGRÁFICA DE LA BIBLIOTECA DEL CONGRESO | |
| Número de clasificación | HJ141 |
| Número de ítem | .F573 2020 |
| 080 ## - NÚMERO DE LA CLASIFICACIÓN DECIMAL UNIVERSAL | |
| Número de la Clasificación Decimal Universal | 336.22 |
| 082 04 - NÚMERO DE LA CLASIFICACIÓN DECIMAL DEWEY | |
| Número de clasificación | 336 |
| Información de edición | 23 |
| 245 00 - MENCIÓN DEL TÍTULO | |
| Título | Fisco y moneda : |
| Resto del título | el uso del dinero en las economías de los reinos hispanos, siglos XIII-XVIII / |
| Mención de responsabilidad, etc. | Ramón Lanza García (ed.). |
| 264 #1 - PRODUCCIÓN, PUBLICACIÓN, DISTRIBUCIÓN, FABRICACIÓN Y COPYRIGHT | |
| Producción, publicación, distribución, fabricación y copyright | Santander : |
| Nombre del de productor, editor, distribuidor, fabricante | Ediciones Universidad Cantabria, |
| Fecha de producción, publicación, distribución, fabricación o copyright | [2020] |
| 300 ## - DESCRIPCIÓN FÍSICA | |
| Extensión | 1 recurso en línea (476 páginas) : |
| Otras características físicas | ilustraciones |
| 336 ## - TIPO DE CONTENIDO | |
| Término de tipo de contenido | texto |
| Código de tipo de contenido | txt |
| Fuente | rdacontent/spa |
| 337 ## - TIPO DE MEDIO | |
| Nombre/término del tipo de medio | computadora |
| Código del tipo de medio | c |
| Fuente | rdamedia/spa |
| 338 ## - TIPO DE SOPORTE | |
| Nombre/término del tipo de soporte | recurso en línea |
| Código del tipo de soporte | cr |
| Fuente | rdacarrier/spa |
| 490 1# - MENCIÓN DE SERIE | |
| Mención de serie | Colección Historia ; |
| Designación de volumen o secuencia | 143 |
| 504 ## - NOTA DE BIBLIOGRAFÍA, ETC. | |
| Nota de bibliografía, etc. Nota | Incluye referencias bibliográficas. |
| 505 0# - NOTA DE CONTENIDO CON FORMATO | |
| Nota de contenido con formato | La evolución del monedaje o morabatí en el Reino de Valencia entre 1266 y 1385 / Vicent Baydal -- Fluctuaciones económicas y monedas de cuenta en Navarra: 1328-1425 / Íñigo Mugueta Moreno -- La política monetaria de Enrique IV de Castilla en la antesala de la guerra civil : causas y consecuencias económicas y políticas (1454-1465) / Pablo Ortego Rico -- Diversidad monetaria y finanzas concejiles en Guipúzcoa a fines de la Edad Media e inicios de la moderna / Iago Irijoa Cortés -- Consumo, inversión y movimiento de capitales en la Sevilla de Felipe II / Francisco Javier Vela Santamaría -- Hacienda, moneda y economías urbanas en la Castilla del siglo XVII / José Ignacio Andrés Ucendo -- Plata doble y el dilema monetario de la monarquía hispánica en el siglo XVII / Carlos Álvarez Nogal -- En qué especie monetaria se han de pagar las rentas en Castilla : los efectos fiscales de la devaluación monetaria de 1652 / Elena María García Guerra -- Plata y vellón para la cruzada, 1589-1739 / Ramón Lanza García -- El derecho de indulto de plata y el real giro : una nueva fiscalidad sobre la exportación de la plata hispánica bajo el Marqués de la Ensenada (1748-1754) / Francisco Cebreiro Ares. |
| 588 ## - NOTA DE FUENTE DE LA DESCRIPCIÓN | |
| Nota de fuente de la descripción | Descripción basada en metadatos suministrados por el editor y otras fuentes. |
| 590 ## - NOTA LOCAL (RLIN) | |
| Nota local | Recurso electrónico. Santa Fe, Arg.: elibro, 2021. Disponible vía World Wide Web. El acceso puede estar limitado para las bibliotecas afiliadas a elibro. |
| 650 #0 - PUNTO DE ACCESO ADICIONAL DE MATERIA--TÉRMINO DE MATERIA | |
| Término de materia o nombre geográfico como elemento de entrada | Taxation |
| Subdivisión geográfica | Spain |
| Subdivisión general | History. |
| 650 #4 - PUNTO DE ACCESO ADICIONAL DE MATERIA--TÉRMINO DE MATERIA | |
| Término de materia o nombre geográfico como elemento de entrada | Fiscalidad |
| Subdivisión geográfica | España |
| Subdivisión general | Historia. |
| 650 #4 - PUNTO DE ACCESO ADICIONAL DE MATERIA--TÉRMINO DE MATERIA | |
| Término de materia o nombre geográfico como elemento de entrada | Dinero |
| Subdivisión geográfica | España |
| Subdivisión general | Historia España |
| -- | Política económica. |
| 650 #0 - PUNTO DE ACCESO ADICIONAL DE MATERIA--TÉRMINO DE MATERIA | |
| Término de materia o nombre geográfico como elemento de entrada | Money |
| Subdivisión geográfica | Spain |
| Subdivisión general | History. |
| 651 #0 - PUNTO DE ACCESO ADICIONAL DE MATERIA--NOMBRE GEOGRÁFICO | |
| Nombre geográfico | Spain |
| Subdivisión general | Economic policy. |
| 655 #4 - TERMINO DE INDIZACIÓN--GENERO/FORMA | |
| Datos o término principal de género/forma | Libros electrónicos. |
| 700 1# - ENTRADA AGREGADA--NOMBRE PERSONAL | |
| Nombre de persona | Lanza García, Ramón, |
| Fechas asociadas al nombre | 1960- |
| Término indicativo de función/relación | autor, |
| -- | editor. |
| 797 2# - PUNTO DE ACCESO ADICIONAL LOCAL--NOMBRE DE ENTIDAD CORPORATIVA (RLIN) | |
| Nombre de entidad corporativa o nombre de jurisdicción como elemento de entrada | elibro, Corp. |
| 830 #0 - PUNTO DE ACCESO ADICIONAL DE SERIE-TÍTULO UNIFORME | |
| Título uniforme | Colección Historia ; |
| Designación de volumen o secuencia | 143. |
| 856 40 - LOCALIZACIÓN Y ACCESO ELECTRÓNICOS | |
| Identificador Uniforme de Recurso | <a href="https://elibro.net/ereader/politecnicointernacional/171580">https://elibro.net/ereader/politecnicointernacional/171580</a> |
No hay ítems disponibles.